[Event "POL-ch Seniors"]
[Site "Szklarska Poreba"]
[Date "2022.05.15"]
[Round "4"]
[White "Wroblewski, Wojciech"]
[Black "Horodyski, Roman"]
[Result "1/2-1/2"]
[WhiteElo "1586"]
[BlackElo "2103"]
[PlyCount "33"]
[EventDate "2022.05.13"]
[EventType "swiss"]
[EventRounds "9"]
[EventCountry "POL"]
[SourceTitle "EXT 2024"]
[Source "ChessBase"]
[SourceDate "2023.10.10"]
[SourceVersion "1"]
[SourceVersionDate "2023.10.10"]
[SourceQuality "1"]

1. e4 Nc6 2. Nf3 d6 3. d4 Nf6 4. d5 Nb8 5. Nbd2 g6 6. b3 Bg7 7. Bb2 0-0 8. Bd3 e5 9. dxe6 Bxe6 10. Qe2 Nc6 11. 0-0 a6 12. c4 Re8 13. Rfe1 h6 14. Rad1 Nd7 15. Bxg7 Kxg7 16. Bb1 Qf6 17. Nf1 1/2-1/2